书目信息 |
| 题名: |
传播媒体和信息技术学习指导
|
|
| 作者: | 汪启富 编著 | |
| 分册: | ||
| 出版信息: | 北京 北京大学出版社 1999.09 |
|
| 页数: | 153页 | |
| 开本: | 26cm | |
| 丛书名: | ||
| 单 册: | ||
| 中图分类: | G202-42 | |
| 科图分类: | ||
| 主题词: | 信息论 , 传播学 | |
| 电子资源: | ||
| ISBN: | 7-301-04197-7 | |
| 000 | 00619nam0 2200205 45 | |
| 001 | 0257662102 | |
| 005 | 2002051716010204 | |
| 010 | @a7-301-04197-7@b压膜@dRMB 14.00 | |
| 100 | @a20020517d1999 km y0chiy0120 ea | |
| 101 | 0 | @achi |
| 102 | @aCN@b110000 | |
| 200 | 1 | @a传播媒体和信息技术学习指导@Achuan bo mei ti he xin xi ji shu xue xi zhi dao@f汪启富等编著@Fwang qi fu deng bian zhu |
| 210 | @a北京@c北京大学出版社@d1999.09 | |
| 215 | @a153页@d26cm | |
| 606 | 0 | @a信息论 |
| 606 | 0 | @a传播学 |
| 690 | @aG202-42@v3 | |
| 701 | 0 | @a汪启富@Awang qi fu@4编著 |
| 801 | 0 | @aCN@bPFT@c20020517 |
| 905 | @a安徽大学@dG202-42@eW070 | |
| 传播媒体和信息技术学习指导/汪启富等编著.-北京:北京大学出版社,1999.09 |
| 153页;26cm |
| ISBN 7-301-04197-7(压膜):RMB 14.00 |
| ● |
| 相关链接 |
|
|
|
正题名:传播媒体和信息技术学习指导
索取号:G202-42/W070
 
预约/预借
| 序号 | 登录号 | 条形码 | 馆藏地/架位号 | 状态 | 备注 |
| 1 | 354585 | 203545850 | 社科库409/409社科库 57排1列2层/ [索取号:G202-42/W070] | 在馆 | |
| 2 | 354586 | 203545869 | 社科库409/409社科库 57排1列2层/ [索取号:G202-42/W070] | 在馆 |